00885nam a2200205Ia 4500003000900000008004100009020001800050040001600068080002000084111009300104245017300197260004200370300002300412650004100435650003000476700002700506942000700533999001500540952012400555IN-BaIIA211028s9999 xx 000 0 eng d a90-277-0417-1 cIIA Library a524.5(063)bTHE aNATO Advanced Study institute on the interstellar MediumcGermanyd1973 Apr. 2-13914391 4aThe interStellar mediumbproceedings of the NATO Advanced Study Institute on the interStellar medium, held in Schliersee, Germany, April 2-13, 1973cedited by K. Pinkau aDordrechtbD. Reidel Publishingc1974 a[various pagings.] aAstronomy and Astrophysics thesaurus aInterStellar Matter91189 aPinkau, K., ed.914392 cBK c8579d8579 00104070aBANbBANcGENd1986-01-08g129.00l0o524.5(063)/ THEp9448r2021-11-05v129.00w1986-01-08yBKGRs. 129.00